11. Muñeca - Quevedo - Estadísticas

Estadísticas generales
  • Esta prueba ha sido intentada 11 veces
  • La puntuación promedio es 324 de 449
Estadísticas de respuestas
% Correcto
de
100%
el
100%
El
100%
era
100%
la
100%
Pero
100%
pin
100%
que
100%
se
100%
100%
si
100%
Si
100%
su
100%
un
100%
una
100%
a
88%
A
88%
Con
88%
con
88%
cuenta
88%
dar
88%
discoteca
88%
en
88%
En
88%
envidioso
88%
envidiosos
88%
escribió
88%
está
88%
estaba
88%
falso
88%
hoy
88%
Instagram
88%
Las
88%
las
88%
le
88%
les
88%
lo
88%
los
88%
Los
88%
Me
88%
me
88%
pa'
88%
Pa'
88%
par
88%
Pensé
88%
Por
88%
por
88%
sin
88%
va
88%
verifica'
88%
y
88%
Y
88%
yeah
88%
Yeah
88%
concierto
75%
conmigo
75%
"correcto"
75%
despierto
75%
dije
75%
dijo
75%
ella
75%
ese
75%
eso
75%
falsa
75%
flow
75%
fresca
75%
hasta
75%
jaqueca
75%
mean
75%
mensaje
75%
muñeca
75%
no
75%
nombre
75%
party
75%
pone
75%
Soñando
75%
tímida
75%
típica
75%
Amigas
63%
barrio
63%
bebé
63%
bebe
63%
cantando
63%
casos
63%
critical
63%
después
63%
Envuelta
63%
envuelta
63%
este
63%
fracaso
63%
fue
63%
igual
63%
llegó
63%
momento"
63%
otras
63%
payasos
63%
Porque
63%
porque
63%
Pregunté
63%
prende
63%
quién
63%
quien
63%
suelta
63%
tiene
63%
todo
63%
"tranquilo
63%
yo
63%
you
63%
Baby
50%
criticar
50%
Cuando
50%
cuando
50%
desde
50%
estuvo
50%
fuma
50%
JC
50%
oscuridad
50%
Quevedo
50%
Siempre
50%
siempre
50%
sigo
50%
Soy
50%
soy
50%
to'as
50%
vio
50%
what
50%
bebecita
38%
booty
38%
diga
38%
donde
38%
envidian
38%
Esa
38%
lean
38%
mai
38%
te
38%
tell
38%
todas
38%
tu
38%
acaso
25%
al
25%
Al
25%
amuleto
25%
calienta
25%
canciones
25%
cara
25%
como
25%
consigo
25%
LPGC
25%
maquillaje
25%
nalgaje
25%
nena
25%
oído
25%
poses
25%
Quiere
25%
sea
25%
secreto
25%
sigue
25%
'Ta
25%
viaje
25%
Wo
25%
avise
13%
cante
13%
castiga
13%
choque
13%
contigo
13%
discreto
13%
entere
13%
entre
13%
frustrada
13%
goce
13%
Green
13%
hablaste
13%
Lanters
13%
linda
13%
lleguemos
13%
Loquita
13%
manda
13%
mensajes
13%
meto
13%
novio
13%
obligo
13%
oh
13%
para
13%
pidas
13%
pidió
13%
presentarle
13%
quiero
13%
Sabe
13%
saber
13%
traje
13%
uh
13%
VIP
13%
voy
13%
gusta
0%
no'stá
0%
reto
0%
No se encontraron pruebas coincidentes
Distribución de puntuación
Porcentaje de gente con cada puntuación
Porcentaje por número respondido
Historial de tus puntuaciones
No has intentado esta prueba.